Planteamientos de la pedagogia critica : (Registro nro. 39421)

Detalles MARC
000 -LEADER
fixed length control field 01262nam a2200313 4500
001 - CONTROL NUMBER
control field 0000018454
003 - CONTROL NUMBER IDENTIFIER
control field CO-CtgCURN
005 - DATE AND TIME OF LATEST TRANSACTION
control field 20250429224120.0
007 - PHYSICAL DESCRIPTION FIXED FIELD--GENERAL INFORMATION
fixed length control field ta
008 - FIXED-LENGTH DATA ELEMENTS--GENERAL INFORMATION
fixed length control field 160627s1994 000 0 eng d
020 ## - INTERNATIONAL STANDARD BOOK NUMBER
International Standard Book Number 9788478270972
040 ## - CATALOGING SOURCE
Original cataloging agency CO-CtgCURN
Language of cataloging spa
Transcribing agency coctgcurn
082 0# - DEWEY DECIMAL CLASSIFICATION NUMBER
Classification number 370.1
Item number P694
245 00 - TITLE STATEMENT
Title Planteamientos de la pedagogia critica :
Remainder of title comunicar y transformar /
Statement of responsibility, etc. Ana Ayuste... [et al.].
250 ## - EDITION STATEMENT
Edition statement 1a ed.
260 ## - PUBLICATION, DISTRIBUTION, ETC.
Place of publication, distribution, etc. Madrid :
Name of publisher, distributor, etc. Grao,
Date of publication, distribution, etc. 1994.
300 ## - PHYSICAL DESCRIPTION
Extent 2005 p.
336 ## - CONTENT TYPE
Source rdacontent
337 ## - MEDIA TYPE
Source rdamedia
Media type term sin mediacion
Media type code n
338 ## - CARRIER TYPE
Source rdacarrier
Carrier type term volumen
Carrier type code nc
490 1# - SERIES STATEMENT
Series statement Fundamentos de la educación : 120
504 ## - BIBLIOGRAPHY, ETC. NOTE
Bibliography, etc. note Bibliografia (p.121-122)
505 8# - FORMATTED CONTENTS NOTE
Formatted contents note Tenemos notivos para ser personas criticas? Componente educativo del Darwinismo social.--Educación y enfoques criticos.--Un nuevo enfoque critico: la perspectiva comunicativa.--Movimientos sociales y educación critica.--Cambio de terminos o de saberes?.--Por que muchos fracasan? Niños, maestros, familias o escuelas.--La reforma permanente
650 14 - SUBJECT ADDED ENTRY--TOPICAL TERM
Topical term or geographic name entry element Pedagogia critica.
700 1# - ADDED ENTRY--PERSONAL NAME
Personal name Ayuste, Ana.
908 ## - PUT COMMAND PARAMETER (RLIN)
Put command parameter 160627
942 ## - ADDED ENTRY ELEMENTS (KOHA)
Koha item type Libros
Classification part 370.1
Item part P694
Source of classification or shelving scheme Dewey Decimal Classification
Existencias
Withdrawn status Lost status Source of classification or shelving scheme Damaged status Not for loan Collection Home library Current library Shelving location Date acquired Inventory number Total checkouts Full call number Barcode Date last seen Price effective from Koha item type Public note
    Dewey Decimal Classification     General Miguel Henríquez Castañeda Miguel Henríquez Castañeda General 04/29/2025 014404   370.1 P694 014404 04/29/2025 04/29/2025 Libros 370-EDUCAC